LEADER 01547nam 2200433 450 001 9910637197503321 005 20200210141051.0 010 $a3-428-46541-5 035 $a(CKB)4100000009744732 035 $a(MiAaPQ)EBC5971053 035 $a(EXLCZ)994100000009744732 100 $a20200210d1989 uy 0 101 0 $ager 135 $aurcnu|||||||| 181 $ctxt$2rdacontent 182 $cc$2rdamedia 183 $acr$2rdacarrier 200 10$aO?konomie der Hochschule$hI /$fvon Ursula Backes-Gellner [and six others] ; herausgegeben von Christof Helberger 210 1$aBerlin :$cDuncker & Humblot,$d[1989] 210 4$d©1989 215 $a1 online resource (180 pages) $cillustrations 225 1 $aSchriften des Vereins fu?r Socialpolitik, Gesellschaft fu?r Wirtschafts- und Sozialwissenschaften ;$vBand 181 311 $a3-428-06541-7 320 $aIncludes bibliographical references. 410 0$aSchriften des Vereins fu?r Socialpolitik, Gesellschaft fu?r Wirtschafts- und Sozialwissenschaften ;$vBand 181. 606 $aEducation, Higher$xEconomic aspects$zGermany (West) 606 $aEducational planning$zGermany (West) 615 0$aEducation, Higher$xEconomic aspects 615 0$aEducational planning 676 $a331.1142 700 $aBackes-Gellner$b Uschi$01261965 702 $aHelberger$b Christof 801 0$bMiAaPQ 801 1$bMiAaPQ 801 2$bMiAaPQ 906 $aBOOK 912 $a9910637197503321 996 $aO?konomie der Hochschule$92999733 997 $aUNINA LEADER 01576oam 2200445M 450 001 9910716114403321 005 20200213070938.7 035 $a(CKB)5470000002518975 035 $a(OCoLC)1065618143 035 $a(OCoLC)995470000002518975 035 $a(EXLCZ)995470000002518975 100 $a20071213d1926 ua 0 101 0 $aeng 135 $aurcn||||||||| 181 $ctxt$2rdacontent 182 $cc$2rdamedia 183 $acr$2rdacarrier 200 10$aLucius C. Dunn. June 4, 1926. -- Committed to the Committee of the Whole House and ordered to be printed 210 1$a[Washington, D.C.] :$c[U.S. Government Printing Office],$d1926. 215 $a1 online resource (1 page) 225 1 $aHouse report / 69th Congress, 1st session. House ;$vno. 1380 225 1 $a[United States congressional serial set ] ;$v[serial no. 8537] 300 $aBatch processed record: Metadata reviewed, not verified. Some fields updated by batch processes. 300 $aFDLP item number not assigned. 606 $aAwards 606 $aMedals 606 $aNavies$xOfficers 608 $aLegislative materials.$2lcgft 615 0$aAwards. 615 0$aMedals. 615 0$aNavies$xOfficers. 701 $aWoodruff$b Roy O$g(Roy Orchard),$f1876-1953$pRepublican (MI)$01397940 801 0$bWYU 801 1$bWYU 801 2$bOCLCO 801 2$bOCLCQ 906 $aBOOK 912 $a9910716114403321 996 $aLucius C. Dunn. June 4, 1926. -- Committed to the Committee of the Whole House and ordered to be printed$93514367 997 $aUNINA LEADER 02052nas 2200649-a 450 001 996215743903316 005 20240413023252.0 035 $a(DE-599)ZDB2158598-2 035 $a(CKB)110978979436242 035 $a(CONSER)---91641973- 035 $a(EXLCZ)99110978979436242 100 $a19910130a19909999 --- a 101 0 $aeng 181 $ctxt$2rdacontent 182 $cc$2rdamedia 183 $acr$2rdacarrier 200 00$aHuman Rights Watch world report 210 $aNew York, NY $cHuman Rights Watch$dc1991- 215 $a1 online resource 311 08$aPrint version: Human Rights Watch world report. 1054-948X (DLC) 91641973 (OCoLC)23031425 517 3 $aWorld report 531 0 $aHuman Rights Watch world rep. 606 $aCivil rights$vPeriodicals 606 $aHuman rights$vPeriodicals 606 $aCivil rights$2fast$3(OCoLC)fst00862627 606 $aHuman rights$2fast$3(OCoLC)fst00963285 606 $aDiplomatic relations$2fast$3(OCoLC)fst01907412 606 $aAnnuaires$2eclas 606 $aDroits civils$2eclas 606 $aDroits de l'homme$2eclas 606 $aRelations extérieures$2eclas 607 $aUnited States$xForeign relations$y1989-$vPeriodicals 607 $aUnited States$2fast 607 $aAfrique$2eclas 607 $aAmérique centrale$2eclas 607 $aAmérique latine$2eclas 607 $aAsie$2eclas 607 $aEurope$2eclas 607 $aMoyen-Orient$2eclas 608 $aPeriodicals.$2fast 608 $aPeriodicals.$2lcgft 615 0$aCivil rights 615 0$aHuman rights 615 7$aCivil rights. 615 7$aHuman rights. 615 7$aDiplomatic relations. 615 7$aAnnuaires. 615 7$aDroits civils. 615 7$aDroits de l'homme. 615 7$aRelations extérieures. 676 $a323.4/9/05 712 02$aHuman Rights Watch (Organization) 906 $aJOURNAL 912 $a996215743903316 920 $aexl_impl conversion 996 $aHuman Rights Watch world report$91959120 997 $aUNISA